000 00977nam a22001577a 4500
999 _c60999
_d60999
005 20231205123932.0
008 231205s1985 ru ||||| |||| 00| 0 rus d
041 _arus
080 _a069(439.151) Б-90
245 _aБудапештские музей :
_bВенгерский Национальный музей. Музей изобразительных искусств. Венгерская Национальная галерея. Музей прикладного искусства. Этнографический музей. Музей истории Будапешта : [Альбом репродукций] /
_cПер. с венг. М. Погань-Берталан.
264 _aБудапешт :
_bКорвина,
_c1985.
300 _a82 с. :
_b ил.
_c29 см.
653 _aბუდაპეშტის მუზეუმები
700 _a Погань-Берталан, М.
_eმთარგმნელი
_920586
942 _2udc
_cᲬᲘᲒᲜᲘ